• 首页
  • 本馆介绍
  • 公告通知
  • 最新文献
  • 馆藏检索
  • 电子资源
  • 读者导购
  • 参考咨询
  • 我的图书馆
  • 登录
  • 详细信息显示
  • 放入我的书架
  • 预约/预借图书
  • 作者相关作品
  • 分类相关作品
  • 丛书相关作品
  • 出版社相关作品

书目信息

  • 表格格式
  • 工作单格式
  • 卡片格式
题名:
网球双打技巧
    
 
作者: 张启迪 编著
分册:  
出版信息: 北京   人民体育出版社  2004
页数: 185页
开本: 19cm
丛书名:
单 册:
中图分类: G845.19
科图分类:
主题词: 网球运动--双打项目--运动技术
电子资源:
ISBN: 7-5009-2553-0
000 00760nam0 2200217 45
001 002729745
005 20050104090402.4
010    @a7-5009-2553-0@dCNY12.00
100    @a20040802d2004 em y0chiy0110 ea
101 0  @achi
102    @aCN@b110000
105    @aa z 000yy
200 1  @a网球双打技巧@Awang qiu shuang da ji qiao@f张启迪编著@FZhang Qi Di Bian Zhu
210    @a北京@c人民体育出版社@d2004
215    @a185页@c图@d19cm
330    @a本书介绍了双打的发球、接发球、拦截、挑高球、高压球等各类技术与战术,重点介绍了网球双打的特点、配对、阵型、规则等方面的知识,并精选了100例双打练习方法。
606 0  @a网球运动@x双打项目@x运动技术
690    @aG845.19@v4
701  0 @a张启迪@4编著
801  0 @aCN@bNLC@c20041026
905    @b341762-766@dG845.19@e171@f5
    
    网球双打技巧/张启迪编著.-北京:人民体育出版社,2004
    185页:图;19cm
    
    
    ISBN 7-5009-2553-0:CNY12.00
    本书介绍了双打的发球、接发球、拦截、挑高球、高压球等各类技术与战术,重点介绍了网球双打的特点、配对、阵型、规则等方面的知识,并精选了100例双打练习方法。
●
相关链接 在E读中查询图书 在五车中查询图书 在当当中查询图书 在豆瓣中查询图书


正题名:网球双打技巧     索取号:G845.19/171         预约/预借

序号 登录号 条形码 馆藏地/架位号 状态 备注
1 0341762   203417622   第一样本阅览室/ [索取号:G845.19/171] 在馆    
2 0341763   203417631   第四借阅区/ [索取号:G845.19/171] 在馆    
3 0341764   203417640   密集书库/ [索取号:G845.19/171] 在馆    
4 0341765   203417659   密集书库/ [索取号:G845.19/171] 在馆    
5 0341766   203417668   第四借阅区/ [索取号:G845.19/171] 在馆    
唐山师范学院图书馆 欢迎您!
大连网信软件有限公司© 版权所有